Differential Equations, Stability and Chaos in Dynamic Economics

Guardado en:
Detalles Bibliográficos
Autor principal: Brock, W.A
Otros Autores: Malliaris, A.G
Formato: Libro
Lenguaje:inglés
Publicado: Amsterdam North-Holland 1992
Edición:2. ed.
Colección:Advanced Textbooks in Economics Vol. 27
Materias:
Etiquetas: Agregar Etiqueta
Sin Etiquetas, Sea el primero en etiquetar este registro!

MARC

LEADER 00000nam a2200000 4500
001 c014254
005 20221206083035.7
020 |a 0-444-70500-7 
041 0 |a eng 
044 |a NL 
245 1 0 |a Differential Equations, Stability and Chaos in Dynamic Economics  |c W.A. Brock, A.G. Malliaris 
250 |a 2. ed. 
264 1 |a Amsterdam  |b North-Holland  |c 1992 
300 |a 389 s. 
490 1 |a Advanced Textbooks in Economics  |v Vol. 27 
830 0 |a Advanced Textbooks in Economics  |v Vol. 27 
610 2 0 |a ekonómia matematická 
610 2 0 |a ekonómia politická 
610 2 0 |a matematika 
610 2 0 |a metódy ekonomicko-matematické 
610 2 0 |a metódy matematické 
610 2 0 |a teória chaosu 
610 2 0 |a teória investícií 
610 2 0 |a analýza ekonomická 
100 1 |a Brock, W.A. 
700 1 |a Malliaris, A.G.